IZNA members by picture - Statistics

General Stats
  • This quiz has been taken 123 times
  • The average score is 7 of 7
Answer Stats
Picture Answer % Correct
Mai
100%
Jeemin
98%
Koko
98%
Saebi
98%
Sarang
98%
Jiyoon
95%
Jungeun
95%
No matching quizzes found
Score Distribution
Percent of People with Each Score
Percentile by Number Answered
Your Score History
You have not taken this quiz